Por que triunfan los lideres : (Registro nro. 30289)

Detalles MARC
000 -LEADER
fixed length control field 00829nam a2200241Ia 4500
003 - CONTROL NUMBER IDENTIFIER
control field CO-CtgCURN
005 - DATE AND TIME OF LATEST TRANSACTION
control field 20250506131700.0
008 - FIXED-LENGTH DATA ELEMENTS--GENERAL INFORMATION
fixed length control field 190725s9999 xx 000 0 und d
020 ## - INTERNATIONAL STANDARD BOOK NUMBER
International Standard Book Number 9789588821382
040 ## - CATALOGING SOURCE
Original cataloging agency CO-CtgCURN
Language of cataloging spa
Transcribing agency coctgcurn
082 ## - DEWEY DECIMAL CLASSIFICATION NUMBER
Classification number 658.409
Item number P837
110 ## - MAIN ENTRY--CORPORATE NAME
Corporate name or jurisdiction name as entry element Caracol Radio
245 #0 - TITLE STATEMENT
Title Por que triunfan los lideres :
Remainder of title hombres y mujeres que estan cambiando el mundo /
Statement of responsibility, etc. Caracol Radio
260 ## - PUBLICATION, DISTRIBUTION, ETC.
Place of publication, distribution, etc. Bogotá, Colombia :
Name of publisher, distributor, etc. Penguin Random House,
Date of publication, distribution, etc. 2017
300 ## - PHYSICAL DESCRIPTION
Extent 292 páginas ;
Dimensions 22 centímetros
521 ## - TARGET AUDIENCE NOTE
Target audience note AREA BASICA
590 ## - LOCAL NOTE (RLIN)
Local note Todos los programas acádemicos
650 ## - SUBJECT ADDED ENTRY--TOPICAL TERM
Topical term or geographic name entry element Éxito en los negocios
650 ## - SUBJECT ADDED ENTRY--TOPICAL TERM
Topical term or geographic name entry element Personas éxitosas
710 ## - ADDED ENTRY--CORPORATE NAME
Corporate name or jurisdiction name as entry element Caracol Radio
942 ## - ADDED ENTRY ELEMENTS (KOHA)
Koha item type Libros
Classification part 658.409
Item part P837
Source of classification or shelving scheme Dewey Decimal Classification
Suppress in OPAC No
Existencias
Withdrawn status Lost status Source of classification or shelving scheme Damaged status Not for loan Collection Home library Current library Shelving location Date acquired Inventory number Total checkouts Full call number Barcode Date last seen Copy number Price effective from Koha item type
    Dewey Decimal Classification     General Miguel Henríquez Castañeda Barranquilla Miguel Henríquez Castañeda Barranquilla General 05/23/2018 04464   658.409 P837 04464 07/25/2019 ej.1 07/25/2019 Libros